Score 0/13 Timer 03:00
1 Play Today
% Correct
Paris
86.6%
Narcissus
72.5%
Orpheus
67%
Cupid
66.2%
Aeneas
53.2%
Troilus
52.1%
Pyramus
44%
Pygmalion
42.4%
Leander
38.9%
Daphnis
31.2%
Endymion
30.1%
Deucalion
24.9%
Philemon
24.1%
Remove Ads.
Support Sporcle.
Get the best of Sporcle when you Go Orange. This ad-free experience offers more features, more stats, and more fun while also helping to support Sporcle. Thank you for becoming a member.

You're not logged in!

Compare scores with friends on all Sporcle quizzes.
OR
Log In

Show Comments

Extras

Top Quizzes Today


Score Distribution

Your Account Isn't Verified!

In order to create a playlist on Sporcle, you need to verify the email address you used during registration. Go to your Sporcle Settings to finish the process.

Report this User

Report this user for behavior that violates our Community Guidelines.

Details: